| 000 | 01547nam a22002777a 4500 | ||
|---|---|---|---|
| 005 | 20081106101154.0 | ||
| 008 | 081106t xxu||||| |||| 00| 0 hin d | ||
| 010 | _aHIN-84819 | ||
| 020 |
_a8172301766 _c795.00 |
||
| 035 | _aHN-57165 | ||
| 035 | _a B-246656 | ||
| 037 | _bDBAD / PUB | ||
| 040 |
_aDPL _bHN |
||
| 082 | _a320.954 | ||
| 100 |
_aखंडेला, मानचंद _944273 |
||
| 245 |
_aभारतीय राजनीति का बदलता परिदृश्य / _cमानचंद खंडेला |
||
| 246 |
_aBhaartiya Raajniti Kaa Badalataa Paridrishya _bby Manchand Khandela |
||
| 260 |
_aजयपुर _bअरिहन्त पब्लिशिंग हाऊस _c2007 |
||
| 270 |
_a9, राजस्थान विश्वविद्यालय, जवाहरलाल नेहरू मार्ग _bजयपुर (राज.) _e302004 _k0141-2705808 |
||
| 300 |
_a273 पृ _c22सेमी (सजिल्द) |
||
| 651 |
_aभारत _xराजनीति और सरकार _944274 |
||
| 651 |
_aIndia _xPolitics and governments _944275 |
||
| 942 |
_2ddc _cHN _mखंडेला _h320.954 |
||
| 999 |
_c18311 _d18311 |
||